| 000 | 00454nam a2200181 a 4500 | ||
|---|---|---|---|
| 001 | 1769763990995 | ||
| 003 | YourLibrary | ||
| 005 | 20260131161943.0 | ||
| 008 | 260130s2009##################000#0#eng## | ||
| 020 | _a9781849710206 | ||
| 082 | 0 | 4 |
_a331.9531 _bNAT.9 |
| 100 | 1 |
_aVellvé, Renée, _eauthor. |
|
| 245 | 1 | 0 | _aSaving the Seed : |
| 260 |
_bRoutledge, _c2009. |
||
| 650 | 0 | _aCrops. | |
| 942 | _cENGLISH | ||
| 040 |
_aYourLibrary _beng _cYourLibrary |
||
| 999 |
_c609521 _d609521 |
||